| 000 | 00908fam a2200253 a 4500 | ||
|---|---|---|---|
| 020 | _a0070233160 | ||
| 082 | 0 | 0 |
_a620.106 _bGIL _cL-22, P-12 |
| 100 | 1 |
_aGiles, Ranald V. _938779 |
|
| 245 | 1 | 0 |
_aSchaum's outline of theory and problems of fluid mechanics and hydraulics / _cRanald V. Giles, Jack B. Evett, Cheng Liu. |
| 250 | _a3rd ed. | ||
| 260 |
_aNew York : _bMcGraw-Hill, _cc1994. |
||
| 300 |
_axiii, 362 p. : _bill. ; _c28 cm. |
||
| 490 | 1 | _aSchaum's outline series | |
| 500 | _aIncludes index. | ||
| 500 | _aRev. ed. of: Schaum's outline of theory and problems of hydraulics and fluid mechanics. Ranald V. Giles. 2nd ed. 1956. | ||
| 526 |
_a0 _b0 _c0 _d620_106000000000000_GIL |
||
| 650 | 0 |
_aFluid mechanics. _91678 |
|
| 650 | 0 | _aHydraulics. | |
| 650 | 0 |
_aMCE _9379 |
|
| 700 | 1 |
_aEvett, Jack B., _938780 |
|
| 700 | 1 |
_aGiles, Ranald V. _938779 |
|
| 700 | 1 |
_aLiu, Cheng, _938781 |
|
| 942 |
_2ddc _cBK |
||
| 999 |
_c544941 _d544941 |
||